| 000 | 00754nam a2200277Ia 4500 | ||
|---|---|---|---|
| 003 | OSt | ||
| 005 | 20220912151450.0 | ||
| 006 | a|||||r|||| 00| 0 | ||
| 007 | ta | ||
| 008 | 220909b |||||||| |||| 00| 0 eng d | ||
| 024 | _a52253 | ||
| 037 | _cTextual | ||
| 040 |
_aCSL _beng _cCSL |
||
| 041 | _aeng | ||
| 082 | _aH6212:H5f, M9 | ||
| 100 | _aJenkins D G Ed. | ||
| 245 | 0 | _aStratigraphical atlas of fossil forminfera | |
| 250 | _a2 | ||
| 260 |
_aChichester _bEllis Horwood _c1989 |
||
| 300 |
_a593p. _ccm. |
||
| 490 | _aBritish micropaleontological society series | ||
| 650 | _aGeology | ||
| 700 | _a Murray J W Ed. | ||
| 942 |
_hH6212:H5f, M9 _cTEXL _2CC |
||
| 999 |
_c69147 _d69147 |
||